000 00508cam a22002171 4500
001 ne 67002042
003 DLC
005 20260227111835.0
008 890331s1966 xx 000 0 ara
010 _ane 67002042
035 _a(OCoLC)23498753
040 _aDLC
_cMiU
_dDLC
042 _apremarc
050 0 0 _aPJ6161
_b.S54 1966
100 1 _aShāyib, Aḥmad.
245 1 3 _aal-Uslūb.
260 _c1966.
300 _a206 p.
_c24 cm.
500 _aRomanized.
650 0 _aArabic language
_xStyle.
999 _c49898
_d49898